000 00748nam a2200289Ia 4500
005 20260324112427.0
008 008 260324s9999 xx 000 0 eng d
020 _a9781003501374
037 _aEBOOK
040 _aCRL
040 _beng
040 _cCRL
041 _2eng
041 _aeng
084 _qCRL
100 _aSunita Singh Sengupta; P. Jyothi; Suresh Kalagnanam; B. Charumathi
_91142651
245 0 _aORGANIZATION, PURPOSE, AND VALUES
245 0 _bINTEGRATING DIVERSITY, EQUITY AND INCLUSION
260 _bTaylor and Francis
260 _c2024
365 _a
365 _b595
856 _uhttp://www.taylorfrancis.com/books/9781003501374
942 _cEBOOK
999 _c1731850
_d1731850